00490nam a22001337a 4500008004100000082001600041100002500057245004900082260009400131300000900225942001200234999001500246952009500261230626b xxu||||| |||| 00| 0 eng d a333.38bBLU cSir Michael Blundell aAfrican Land Development in Kenyab1946-1962 aNairobi, KenyabThe Ministry of Agriculture, Animal Husbandry and Water Resources, c1962 a312p 2ddccBK c2701d2701 00102ddc4070a002b002d2023-06-26l0o333.38 BLUp10001206r2023-06-26w2023-06-26yBK